| 000 | 01145nam a22003137a 4500 | ||
|---|---|---|---|
| 005 | 20180803170350.0 | ||
| 008 | 170206b 2015cck|||||r|||| 00| 0 spa d | ||
| 020 | _a9789587402025 | ||
| 040 |
_aCO-BoIAVH _cCO-BoIAVH |
||
| 041 | _aspa | ||
| 044 | _ack | ||
| 082 |
_a630.09861 _bR69r |
||
| 100 | 1 |
_aRivera Varón, Juan Jose _eautor |
|
| 245 | 1 | _aRecomendaciones Tecnológicas para la producción de semilla de calidad de arracacha (Arracacia xanthorrhiza) | |
| 260 |
_aBogotá: _bCorporación Colombiana de Investigación Agropecuaria CORPOICA, _c2015. |
||
| 300 |
_a72 páginas _c24 x 17 cm |
||
| 650 | 1 | 6 | _aArracacia xanthorrhiza |
| 650 | 1 | 6 | _aAnatomía |
| 650 | 1 | 6 | _aPropagación |
| 650 | 1 | 6 | _aProducción de semillas |
| 650 | 1 | 6 | _aMedidas fitosanitarias |
| 700 | _aGarnica Montaña, Jhoanna | ||
| 700 | _aRubio Bonilla, Sandra Liliana | ||
| 700 | _aLozano Tovar, Maria Denis | ||
| 700 | _aRozero erazo, Jhon Alexander | ||
| 700 | _aTrujillo Callejas, Lady Yaneth | ||
| 700 | _aHerrera Sánchez, Yurani Angelica | ||
| 942 |
_2ddc _cLIBRO |
||
| 999 |
_c19285 _d19285 |
||